000 00784nam a22002177a 4500
999 _c13047
_d13047
003 AR-CdUCM
008 190411b ||||| |||| 00| 0 spa d
040 _aMUNICIPALIDAD PROVINCIAL DEL CUSCO
_cBIBLIOTECA MUNICIPAL DEL CUSCO
082 _aC / 985.61 /
_bY47 / 1926
100 _aYepez. J. Arturo
_929912
245 _aHegemonía del Cuzco /
260 _aCusco :
_bEdit. Rozas,
_c1927.
300 _a50 paginas ;
_c26 cm.
500 _aEnsayos históricos que atribuye al Cuzco la capital del Perú
505 _aContenido :El Cusco,aspecto grandioso la evocación de su raza excelta y ese ambiente señorial e hidalgo que lo caracteriza /
650 _aCusco
_9772
650 _aEnsayos
_9375
650 _aHistoria
_9136
942 _2ddc
_cLIBROS
945 _arjall
_d2019-04-11